000 00694nam a2200181Ia 4500
008 100921s9999 xx 000 0 und d
082 _b28369
_a891.463 थ 73
100 _aशहा रतनलाल.
245 _aदेशोदेशीच्या प्रणयकथा.
260 _bवसुंधरा प्रकाशन सहकारी संस्था,पुणे.
_c1973
300 _a197
_b---
365 _b10
520 _aललित-कथा.
630 _aदेशोदेशीच्या प्रणयकथा.
650 _aललित-कथा.
730 _aदेशोदेशीच्या प्रणयकथा.
942 _cBOOK
999 _c777482
_d777479